Technická príprava výroby páky s počítačovou podporou

Na minha lista:
Detalhes bibliográficos
Autor principal: Radič, Dušan (Author)
Outros Autores: Bílik, Jozef (Thesis advisor)
Formato: Manuscrito Livro
Idioma:eslovaco
Publicado em: 2024
Assuntos:
Acesso em linha:http://is.stuba.sk/zp/portal_zp.pl?podrobnosti=177967
Tags: Adicionar Tag
Sem tags, seja o primeiro a adicionar uma tag!

MARC

LEADER 00000ntm a22000003a 4500
001 stuzp97788
003 SK-STU
005 20240608211218.0
007 ta
008 150427s2015----xo-----f-mn---000-0-slo-d
040 |a STU  |b slo 
041 0 |a slo 
100 1 |a Radič, Dušan  |u 063000  |k Z4  |4 aut  |U MTF Materiálovotechnologická fakulta  |T MTF Ústav výrobných technológií  |X 98535  |U M3000  |Y 83  |7 98535 
242 0 1 |a Technical preparation for the production of a lever with computer support  |y eng 
245 1 0 |a Technická príprava výroby páky s počítačovou podporou 
260 |c 2024 
650 4 |a Zápustka  |2 slo 
650 4 |a Páka  |2 slo 
650 4 |a Kovanie  |2 slo 
650 4 |a CAD  |2 slo 
650 4 |a CAM  |2 slo 
650 4 |a Tvárnenie  |2 slo 
650 4 |a Die forging  |2 eng 
650 4 |a Lever  |2 eng 
650 4 |a Forging  |2 eng 
650 4 |a CAD  |2 eng 
650 4 |a CAM  |2 eng 
650 4 |a Forming  |2 eng 
700 1 |a Bílik, Jozef  |u 063400  |k Z1  |4 ths  |U MTF Ústav výrobných technológií  |T MTF Katedra tvárnenia kovov a plastov  |X 1547  |U M3400  |Y 163  |7 A000001547 
856 4 |u http://is.stuba.sk/zp/portal_zp.pl?podrobnosti=177967 
996 |c M* DP-15415  |l MMSKP  |s P  |a 0  |w stuzp97788_0001